Prokletí pro všechny /

Akční fantasy, kde hlavní hrdina prchá před zákonem i zločinci a občas má co do činění i s nemrtvými.

Hlavní autor: Paytok, Martin, 1993-
Jazyk: Čeština
Vydáno: Praha : Epocha s.r.o., 2021
Vydání: První vydání
Edice: Fantastická Epocha
Témata:
Fyzický popis: 294 stran ; 18 cm
Knihy
Uloženo v:
LEADER 02241nam a2200421 i 4500
001 nkc20213325304
003 CZ PrNK
005 20210810144021.0
007 ta
008 210610s2021 xr g 000 f cze d
015 |a cnb003325304 
020 |a 978-80-278-0024-7  |q (brožováno) :  |c Kč 249,00 
035 |a (OCoLC)1267680652 
040 |a CBA001  |b cze  |d ABG001  |d ABA001  |e rda 
072 7 |a 821.162.3-3  |x Česká próza  |2 Konspekt  |9 25 
080 |a 821.162.3-31  |2 MRF 
080 |a (0:82-312.9)  |2 MRF 
100 1 |a Paytok, Martin,  |d 1993-  |7 xx0222594  |4 aut 
245 1 0 |a Prokletí pro všechny /  |c Martin Paytok 
250 |a První vydání 
264 1 |a Praha :  |b Epocha s.r.o.,  |c 2021 
300 |a 294 stran ;  |c 18 cm 
336 |a text  |b txt  |2 rdacontent 
337 |a bez média  |b n  |2 rdamedia 
338 |a svazek  |b nc  |2 rdacarrier 
490 1 |a Fantastická Epocha 
520 2 |a Akční fantasy, kde hlavní hrdina prchá před zákonem i zločinci a občas má co do činění i s nemrtvými.  |b Link měl celkem nadějný plán, jak se vyhnout kriminálu i hlavě zločinecké organizace, jíž visí peníze ze zpackané loupeže. Jediná chyba byla, že se ho pokoušel uskutečnit v tomhle městě. Ve městě, kde se na něj kromě té zločinecky organizované hlavy celá třese taky sběratelka prokletých předmětů, mluvící maňásek s maďarským občanstvím a policisté křivější než skolióza. Ve městě, kde mrtví obvykle netrpí nijak výraznou tendencí mrtvými zůstat a se kterým se pojí přesně o jednu strašidelnou legendu víc, než potřebuje. A tahle by - stejně jako všechny ostatní - klidně mohla být pravdivá. A zrovna se musí týkat chlápka, co rád věší lidi na kandelábry, a tašky plné sekáčků na maso... Nakladatelská anotace. 
655 7 |a české romány  |7 fd133974  |2 czenas 
655 7 |a fantasy romány  |7 fd184199  |2 czenas 
655 9 |a Czech fiction  |2 eczenas 
655 9 |a fantasy novels  |2 eczenas 
830 0 |a Fantastická Epocha  |0 s 
910 2 |a BOA001  |b 1-1469.318 
920 |a 4599221  |z ABG001 
990 |a BK 
995 |a 01 
991 |b 202108  |c NOV 
996 6 |b 2610871518  |c 1-1469.318  |l MZK  |r Sklad / do 1 hodiny  |n 1  |p p.v.  |w 001857308  |u 000010  |a 1  |e BOA001  |j MZK50  |s P